000 02379nam a22001937a 4500
003 DO-CoUTE
005 20260523142807.0
008 260523b dr ||||| |||| 00| 0 spa d
040 _aDO-CoUTE
_bspa
_cDO-CoUTE
082 _aRD 363.8567293R426P
110 1 _aMinisterio de la presidencia de la Republica Dominicana
_eAutor
245 1 0 _aActualidad y futuro para lograrla soberanía y seguridad alimentaria y nutricional en la República Dominicana: Generación y transferencia de conocimientos y tecnología /
_cEditores: Carlos M. Rodríguez Peña, Francisco Roberto Arias Milla, Modesto Reyes
260 _aSanto Domingo, República Dominicana ;
_c2024
300 _a258 Paginas :
_bIlustraciones ;
_c22x23cm,
504 _aIncluye referencia bibliográfica e índice.
505 _aCapítulo I.-introducción, de contextualización, conceptualización y organización del evento, método trabajos seminario -- Capítulo Il.- producción de combustibles sostenibles de avión: balance delicado entre beneficios económicos y ambientales (conferencia magistral) Robert J. Macias, Aidan Garcia, Manuel García-Pérez -- Capítulo III.- conferencia magistral Arturo Bisonó -- Capítulo IV.- Mesa 1: soberanía y seguridad alimentaria y nutricional de todos los estratos poblacionales dominicanos, políticas, organización, y roles institucionales -- Capítulo V.- Mesa 2: Disponibilidad y acceso a los alimentos: producción, importación y procesamiento de alimentos -- Capítulo VI. - Mesa 3: Análisis del impacto del cambio climático (cc) en las cadenas de producción, y al uso y conservación de los recursos naturales (genéticos, forestales, edáficos, y acuíferos) soberanía y seguridad alimentaria y nutricional -- Capítulo VII.- Mesa 4: Organización institucional y capacidad del sistema nacional de investigaciones Agropecuarias y Forestales-SINIAF -- Capítulo VIII.- Mesa 5: Estrategias financieras, actuales y futuras, para la generación y transferencia de tecnología, agroalimentaria y forestal (GYTTAF), producción y procesamiento de alimentos para lograr incrementar la seguridad y soberanía alimentaria y nutricional (SSAN) -- Capítulo IX. - Sistema universitario de integración cientifica-tecnológica agro-alimentaria y forestal -- Capítulo X.- Discusión y conclusiones generales.
650 4 _aSeguridad Alimentaria
942 _2ddc
_cBK
999 _c24226
_d24226